| 000 | 00867pam a2200289 a 4500 | ||
|---|---|---|---|
| 999 |
_c8284 _d8284 |
||
| 001 | 8284 | ||
| 003 | BD - JhCC | ||
| 005 | 20200402134008.0 | ||
| 008 | 101104s2012 caua 001 0 eng|d | ||
| 020 | _a9781111426248 (pbk.) | ||
| 020 | _a1111426244 (pbk.) | ||
| 035 | _a(BD - JhCC)8284 | ||
| 040 |
_aStDuBDS _cStDuBDS _dUk _dBD - JhCC |
||
| 041 | _aeng | ||
| 082 | 0 | 4 |
_a547 _223 _bORG 2012 |
| 245 | 0 | 0 |
_aOrganic chemistry : _ba brief course / _cDavid J. Hart ... [et al.]. |
| 250 | _a13th ed. | ||
| 260 |
_a[Pacific Grove, Calif.?] : _bBrooks/Cole/Cengage Learning, _cc2012. |
||
| 300 |
_axxvi, 580 p. : _bcol. ill. ; _c28 cm. |
||
| 500 | _a"International ed." - on cover. | ||
| 500 | _aIncludes index. | ||
| 500 |
_aFormerly CIP. _5Uk |
||
| 650 | 0 |
_aChemistry, Organic _vTextbooks. |
|
| 700 | 1 | _aHart, David J. | |
| 942 |
_2ddc _cBK _02 |
||